Counties of Idaho - Sudden Death - Statistics

General Stats
  • This quiz has been taken 27 times
  • The average score is 20 of 44
Answers on the Grid
Answers color-coded by a green-red scale on the quiz's grid according to % correct below.
Ada
Adams
Baker
Bannock
Bear Lake
Benewah
Bingham
Blackfoot
Blaine
Boise
Bonner
Bonneville
Boundary
Buhl
Butte
Caine
Caldwell
Camas
Canyon
Caribou
Carter
Cassia
Challis
Clark
Clearwater
Coeur d'Alene
Crater
Custer
Elmore
Fillmore
Franklin
Fremont
Gem
Gooding
Hammo
Honey
Idaho
Jefferson
Jerome
Kootenai
Forestry
Lake
Latah
Lemhi
Lewis
Lincoln
Lolo
Madison
Minidoka
Montana
Morley
Nampa
Nez Perce
Oneida
Oregon
Owyhee
Payette
Dokaryan
Pierce
Power
Salmon
Shoshone
Snake River
Spokane
Suquamish
Teton
Twin Falls
Valley
Washington
White
 
Answer Stats
Answer % Correct
Ada
100%
Adams
50%
Bannock
50%
Bear Lake
50%
Benewah
50%
Bingham
50%
Blaine
50%
Boise
50%
Bonner
50%
Bonneville
50%
Boundary
50%
Camas
50%
Canyon
50%
Caribou
50%
Cassia
50%
Clark
50%
Clearwater
50%
Custer
50%
Elmore
50%
Franklin
50%
Fremont
50%
Gem
50%
Gooding
50%
Idaho
50%
Jerome
50%
Kootenai
50%
Latah
50%
Lemhi
50%
Lewis
50%
Lincoln
50%
Minidoka
50%
Nez Perce
50%
Oneida
50%
Owyhee
50%
Payette
50%
Power
50%
Shoshone
50%
Teton
50%
Twin Falls
50%
Butte
0%
Jefferson
0%
Madison
0%
Valley
0%
Washington
0%
No matching quizzes found
Score Distribution
Percent of People with Each Score
Percentile by Number Answered
Your Score History
You have not taken this quiz